000 01342nam a2200301Ia 4500
003 CO-BoRNBP
005 20231024210103.0
008 160713s2009 c abo g 000 0 s
020 _a9789587049046
040 _aCO-BoRNBP
_bspa
_erda
_cCO-BoRNBP
082 0 4 _a303.62 C733m
_222
110 2 _aComisión Nacional de Reparación y Reconciliación (Colombia). Grupo de Memoria Histórica
_987481
245 1 3 _aLa masacre de El Salado
_besa guerra no era nuestra
_cGrupo de Memoria Histórica
250 _aEdición especial
264 _aBogotá
_bTaurus
_c2009
300 _a329 páginas
_bilustraciones, cuadros, mapas y fotografías en blanco y negro
_c23 cm
336 _atexto
_btxt
_2rdacontent
337 _asin mediación
_bn
_2rdamedia
338 _avolumen
_bnc
_2rdacarrier
490 _aPlan Nacional de Lectura y Escritura Leer es mi Cuento. 2013
650 1 4 _2LEMB
_aMasacre de el salado
_zBolivar (Colombia)
_987586
650 1 4 _2LEMB
_aCrímenes de lesa humanidad
_zEl Salado (Bolivar, Colombia)
_987587
650 1 4 _2LEMB
_aParamilitarismo
_zColombia
_987588
650 1 4 _2LEMB
_aViolación de los derechos humanos
_zEl Salado (Bolivar, Colombia)
_987589
650 1 4 _2LEMB
_aConflicto armado
_zColombia
_94301
710 2 _aComisión Nacional de Reparación y Reconciliación
_bÁrea de Memoria Histórica
_987493
942 _2ddc
_cBK
999 _c3012
_d3012